[Event "Groningen op 57th"]
[Site "Groningen"]
[Date "2019.12.30"]
[Round "9"]
[White "Van Randtwijk, Mick"]
[Black "Kumar, Naman"]
[Result "0-1"]
[WhiteElo "2047"]
[BlackElo "2082"]
[PlyCount "80"]
[EventDate "2019.12.21"]
[EventType "swiss"]
[EventRounds "9"]
[EventCountry "NED"]
[SourceTitle "CBM 194 Extra"]
[Source "ChessBase"]
[SourceDate "2020.03.31"]
[SourceVersion "1"]
[SourceVersionDate "2020.03.31"]
[SourceQuality "1"]

1. e4 e5 2. Nf3 Nc6 3. Bb5 a6 4. Ba4 Nf6 5. d3 b5 6. Bb3 Be7 7. 0-0 d6 8. a3 0-0 9. Nc3 Bg4 10. Be3 Nd4 11. Bxd4 exd4 12. Nd5 c5 13. h3 Be6 14. Nxf6+ Bxf6 15. Bxe6 fxe6 16. Qd2 e5 17. g3 Ra7 18. Kg2 Raf7 19. a4 b4 20. Qe2 Bg5 21. Ng1 g6 22. Qg4 h5 23. Qe6 Kh7 24. Ne2 Rf6 25. Qd5 Bh6 26. Rae1 R8f7 27. f4 Qf8 28. f5 gxf5 29. exf5 Rxf5 30. Rxf5 Rxf5 31. Qe4 Kh8 32. g4 Rf2+ 33. Kh1 h4 34. Ng1 Be3 35. Qg6 Qa8+ 36. Qe4 Qxe4+ 37. dxe4 Rxc2 38. b3 Rc1 39. Rxc1 Bxc1 40. Kg2 c4 0-1

[Event "Groningen op 57th"]
[Site "Groningen"]
[Date "2019.12.24"]
[Round "4"]
[White "Kumar, Naman"]
[Black "Pienabarca, Nicola"]
[Result "1-0"]
[WhiteElo "2082"]
[BlackElo "2077"]
[PlyCount "73"]
[EventDate "2019.12.21"]
[EventType "swiss"]
[EventRounds "9"]
[EventCountry "NED"]
[SourceTitle "CBM 194 Extra"]
[Source "ChessBase"]
[SourceDate "2020.03.31"]
[SourceVersion "1"]
[SourceVersionDate "2020.03.31"]
[SourceQuality "1"]

1. e4 e6 2. d4 d5 3. Nc3 Nf6 4. e5 Nfd7 5. f4 c5 6. Nf3 Nc6 7. Be3 a6 8. Qd2 b5 9. dxc5 Bxc5 10. Bd3 Qb6 11. Bxc5 Nxc5 12. Ne2 a5 13. Ned4 Nxd3+ 14. Qxd3 b4 15. Nxc6 Qxc6 16. Nd4 Qc4 17. Nb5 0-0 18. Qxc4 dxc4 19. Nd6 f6 20. Nxc4 fxe5 21. fxe5 Bb7 22. Rg1 Rf5 23. 0-0-0 Ba6 24. Nb6 Ra7 25. Rge1 Rc7 26. Rd2 Kf7 27. b3 Ke7 28. Kb2 Rc6 29. Na4 Bb5 30. Re3 Bxa4 31. bxa4 Rc5 32. Rde2 Kd7 33. a3 bxa3+ 34. Kxa3 Kc6 35. Kb3 Rf4 36. c3 Rcc4 37. g3 1-0

[Event "Groningen op 57th"]
[Site "Groningen"]
[Date "2019.12.22"]
[Round "2"]
[White "Kumar, Naman"]
[Black "Van Dael, Siem"]
[Result "0-1"]
[WhiteElo "2082"]
[BlackElo "2255"]
[PlyCount "158"]
[EventDate "2019.12.21"]
[EventType "swiss"]
[EventRounds "9"]
[EventCountry "NED"]
[SourceTitle "CBM 194 Extra"]
[Source "ChessBase"]
[SourceDate "2020.03.31"]
[SourceVersion "1"]
[SourceVersionDate "2020.03.31"]
[SourceQuality "1"]

1. e4 c5 2. Nf3 Nc6 3. d4 cxd4 4. Nxd4 Nf6 5. Nc3 e5 6. Ndb5 d6 7. Bg5 a6 8. Na3 b5 9. Nd5 Be7 10. Bxf6 Bxf6 11. c3 Ne7 12. Nc2 Nxd5 13. Qxd5 Be6 14. Qc6+ Kf8 15. Ne3 Be7 16. Be2 g6 17. Bg4 Ra7 18. a4 bxa4 19. Bxe6 fxe6 20. Rxa4 a5 21. Nc4 Kg7 22. 0-0 Qb8 23. Rfa1 Rc8 24. Qb6 Qxb6 25. Nxb6 Rb8 26. Nc4 d5 27. exd5 exd5 28. Nxe5 Rxb2 29. g3 Bf6 30. f4 Rb5 31. Kf2 Bd8 32. Ke3 Bb6+ 33. Kd3 Rb2 34. R1a2 Rb1 35. Nc6 Rc7 36. Nxa5 Rc1 37. R2a3 Rd1+ 38. Kc2 Rh1 39. Rb3 Rxh2+ 40. Kd3 Bf2 41. g4 Be1 42. Rb7 Rh3+ 43. Ke2 Rxb7 44. Nxb7 Bxc3 45. Nc5 Kf7 46. Ra7+ Ke8 47. f5 d4 48. f6 Re3+ 49. Kf2 Be1+ 50. Kg2 Bb4 51. Rc7 d3 52. Nxd3 Rxd3 53. Rxh7 g5 54. Rb7 Bc3 55. f7+ Kf8 56. Rb3 Kxf7 57. Rb5 Bd2 58. Rf5+ Ke6 59. Kf2 Bf4 60. Ra5 Rd5 61. Ra4 Ke5 62. Kf3 Rd3+ 63. Ke2 Rg3 64. Ra5+ Ke6 65. Ra6+ Kd5 66. Ra5+ Kc4 67. Ra4+ Kb5 68. Ra8 Rxg4 69. Kf3 Rg3+ 70. Ke4 Rg1 71. Rc8 Bd6 72. Rd8 Kc6 73. Rc8+ Kd7 74. Rg8 g4 75. Rg6 g3 76. Kf3 Kc6 77. Ke4 Re1+ 78. Kf3 Kd5 79. Rg5+ Be5 0-1

[Event "Budapest FS10 Nadassy"]
[Site "Budapest"]
[Date "2019.10.09"]
[Round "5"]
[White "Monduk, Ferenc"]
[Black "Kumar, Naman"]
[Result "1-0"]
[WhiteElo "1987"]
[BlackElo "2078"]
[PlyCount "97"]
[EventDate "2019.10.05"]
[EventType "schev"]
[EventRounds "10"]
[EventCountry "HUN"]
[SourceTitle "CBM 192 Extra"]
[Source "Chessbase"]
[SourceDate "2019.11.06"]
[SourceVersion "1"]
[SourceVersionDate "2019.11.06"]
[SourceQuality "1"]
[WhiteTeam "A Team Higher Elo"]
[BlackTeam "B Team Lower Elo"]
[WhiteTeamCountry "HUN"]
[BlackTeamCountry "HUN"]

1. d4 Nf6 2. c4 e6 3. Nf3 b6 4. a3 Bb7 5. Nc3 Be7 6. e3 0-0 7. Bd3 d5 8. 0-0 c5 9. Qc2 Nbd7 10. Rd1 Rc8 11. cxd5 exd5 12. Bf5 g6 13. Bh3 Ne4 14. Nxe4 dxe4 15. Ne5 f5 16. dxc5 Rc7 17. c6 Bxc6 18. Qc4+ Kg7 19. Nxc6 Qa8 20. Qe6 Rxc6 21. Qxd7 Rf7 22. Qd5 Qc8 23. Bd2 Bf6 24. Rac1 Rfc7 25. Bc3 Bxc3 26. bxc3 Rxc3 27. Rxc3 Rxc3 28. g4 fxg4 29. Bg2 Rxa3 30. Bxe4 Ra5 31. Qd6 Qc5 32. Qd7+ Kh6 33. Qxg4 Qg5 34. h3 Re5 35. Bg2 Qxg4 36. hxg4 a5 37. Rd5 Re7 38. Rd6 b5 39. Ra6 a4 40. Bc6 Re5 41. Kg2 Rc5 42. Be8 Re5 43. Bf7 Re7 44. Bd5 Kg7 45. Ra5 Kf6 46. Rxb5 Ra7 47. Ba2 Ke7 48. Rd5 Rb7 49. Rd4 1-0

[Event "Budapest FS10 Nadassy"]
[Site "Budapest"]
[Date "2019.10.06"]
[Round "2"]
[White "Kumar, Naman"]
[Black "Szalanczy, Emil"]
[Result "1-0"]
[WhiteElo "2078"]
[BlackElo "2091"]
[PlyCount "137"]
[EventDate "2019.10.05"]
[EventType "schev"]
[EventRounds "10"]
[EventCountry "HUN"]
[SourceTitle "CBM 192 Extra"]
[Source "Chessbase"]
[SourceDate "2019.11.06"]
[SourceVersion "1"]
[SourceVersionDate "2019.11.06"]
[SourceQuality "1"]
[WhiteTeam "B Team Lower Elo"]
[BlackTeam "A Team Higher Elo"]
[WhiteTeamCountry "HUN"]
[BlackTeamCountry "HUN"]

1. e4 c5 2. Nf3 d6 3. d4 cxd4 4. Nxd4 Nf6 5. Nc3 g6 6. Be3 Bg7 7. f3 Nc6 8. Qd2 0-0 9. 0-0-0 Qa5 10. Kb1 Bd7 11. g4 Rfc8 12. h4 Ne5 13. h5 Rxc3 14. Qxc3 Qxc3 15. bxc3 Rc8 16. Kb2 Be8 17. hxg6 hxg6 18. Be2 Nfd7 19. Kc1 Nb6 20. Kd2 Nbc4+ 21. Bxc4 Nxc4+ 22. Ke2 Nxe3 23. Kxe3 Rxc3+ 24. Rd3 Rc5 25. Rb1 b6 26. c3 Kf8 27. Rb2 Bd7 28. Rh2 Bc8 29. Rc2 Rc4 30. g5 Bb7 31. Rc1 Ba6 32. f4 e5 33. Nf3 exf4+ 34. Kxf4 Bb7 35. Nd2 Be5+ 36. Ke3 Ra4 37. Rc2 Ke7 38. c4 Ba6 39. Rb3 Ra5 40. Nf3 Bc8 41. Nxe5 Rxe5 42. Ra3 a6 43. Kf4 Bb7 44. Re3 f6 45. gxf6+ Kxf6 46. Rb2 g5+ 47. Kf3 b5 48. a4 Bc6 49. cxb5 axb5 50. Rc2 Be8 51. a5 b4 52. Ra2 Bf7 53. Ra4 b3 54. a6 Re8 55. a7 Ra8 56. Re1 Ke5 57. Rea1 d5 58. exd5 Bxd5+ 59. Kg3 Kd6 60. Rb4 Kc7 61. Kg4 Rg8 62. Rc1+ Kd6 63. Rb8 b2 64. Rb1 Rg7 65. a8Q Bxa8 66. Rxa8 Rb7 67. Kxg5 Ke5 68. Ra2 Rg7+ 69. Kh6 1-0

[Event "Budapest FS10 Nadassy"]
[Site "Budapest"]
[Date "2019.10.05"]
[Round "1"]
[White "Mayer, Istvan"]
[Black "Kumar, Naman"]
[Result "1/2-1/2"]
[WhiteElo "1907"]
[BlackElo "2078"]
[PlyCount "122"]
[EventDate "2019.10.05"]
[EventType "schev"]
[EventRounds "10"]
[EventCountry "HUN"]
[SourceTitle "CBM 192 Extra"]
[Source "Chessbase"]
[SourceDate "2019.11.06"]
[SourceVersion "1"]
[SourceVersionDate "2019.11.06"]
[SourceQuality "1"]
[WhiteTeam "A Team Higher Elo"]
[BlackTeam "B Team Lower Elo"]
[WhiteTeamCountry "HUN"]
[BlackTeamCountry "HUN"]

1. e4 e5 2. Nf3 Nc6 3. Bb5 a6 4. Ba4 Nf6 5. 0-0 Be7 6. Re1 b5 7. Bb3 0-0 8. c3 d5 9. exd5 Nxd5 10. d4 exd4 11. Nxd4 Nxd4 12. Qxd4 Bb7 13. Nd2 c5 14. Qe4 c4 15. Bc2 g6 16. Bb1 Bc5 17. Qf3 Qc7 18. Be4 Rad8 19. Qg3 Qxg3 20. hxg3 f5 21. Bf3 Rfe8 22. Rxe8+ Rxe8 23. Kf1 Re7 24. a4 Nf6 25. axb5 axb5 26. Ra5 Bxf3 27. gxf3 Rb7 28. Nxc4 Nd7 29. Ne3 Kf7 30. Ke2 Ke6 31. b3 Kd6 32. Ra6+ Rb6 33. Ra8 Rb8 34. Nxf5+ Kc6 35. Rxb8 Nxb8 36. Ne3 Nd7 37. Kd3 Nf6 38. Ng4 Nxg4 39. fxg4 Bxf2 40. Bf4 Kd5 41. c4+ bxc4+ 42. bxc4+ Kc6 43. g5 Kc5 44. Bb8 Be1 45. g4 Kc6 46. Bf4 Ba5 47. Be5 Bd8 48. Bf6 Bb6 49. Ke4 Bc7 50. Bd4 Bd8 51. Be3 Bc7 52. c5 Bg3 53. Bf4 Bh4 54. Kd4 Bf2+ 55. Ke5 Bxc5 56. Ke6 Bf2 57. Kf7 Kd5 58. Kg7 Ke4 59. Bc1 Kf3 60. Kxh7 Kxg4 61. Kxg6 Bh4 1/2-1/2

[Event "Southwest op 85th"]
[Site "Irving"]
[Date "2019.09.02"]
[Round "8"]
[White "Chen, Ryo"]
[Black "Kumar, Naman"]
[Result "1-0"]
[WhiteElo "1957"]
[BlackElo "2086"]
[PlyCount "89"]
[EventDate "2019.08.29"]
[EventType "swiss"]
[EventRounds "9"]
[EventCountry "USA"]
[SourceTitle "EXT 2020"]
[Source "ChessBase"]
[SourceDate "2019.10.17"]
[SourceVersion "1"]
[SourceVersionDate "2019.10.17"]
[SourceQuality "1"]

1. e4 e5 2. Nf3 Nc6 3. Bb5 a6 4. Ba4 Nf6 5. d3 b5 6. Bb3 Be7 7. 0-0 0-0 8. Bd5 Bd6 9. Bxc6 dxc6 10. h3 h6 11. b3 Qe7 12. Bb2 Kh7 13. Nh2 g6 14. Qe2 Nh5 15. a4 Nf4 16. Qf3 h5 17. Nc3 Bd7 18. Ne2 Ne6 19. Qe3 Bc5 20. Qd2 Ng5 21. Kh1 f6 22. f4 exf4 23. Nxf4 Bd6 24. Nf3 Be5 25. Nxe5 fxe5 26. Ba3 Qf6 27. Bxf8 Rxf8 28. Nxh5 Qxf1+ 29. Rxf1 Rxf1+ 30. Kh2 Ne6 31. Ng3 Rf7 32. Ne2 c5 33. axb5 axb5 34. Kg1 Kg7 35. Qc3 Kf6 36. Kh2 Rh7 37. Ng1 c6 38. Nf3 Nd4 39. Qxc5 Nxf3+ 40. gxf3 Ke6 41. Kg3 Rh8 42. Qa3 g5 43. c3 Kf7 44. Qd6 Rxh3+ 45. Kg2 1-0